000
00302nam a2200145Ia 4500
100
_a
Bhattacharya/S.K
490
_v
I
942
_c
BK
654
_a
Machines
245
_a
Electrical machines
260
_b
Tata Mc Graw hill
_c
1998
082
_a
621.31042
_b
BHA
300
_a
545
546
_a
ENGLISH
999
_c
33884
_d
33884